| 000 | 01247cam a22003377a 4500 | ||
|---|---|---|---|
| 001 | 2834 | ||
| 003 | FISKH | ||
| 005 | 20240116151122.0 | ||
| 008 | 000802r19981997enka j 000 1 eng | ||
| 010 | _a 2002391125 | ||
| 015 | _aGBA0-46051 | ||
| 020 | _a1858813530 | ||
| 020 | _a9781444001006 | ||
| 035 | _a(OCoLC)ocm44737517 | ||
| 040 |
_aUKM _dUKM _cDLC _dDLC _beng |
||
| 050 | 0 | 0 |
_aPZ7.S604 _bHsg 1998 |
| 082 | 0 | 4 |
_a823.914 _221 |
| 100 | 1 | _aSimon, Francesca. | |
| 245 | 1 | 0 |
_aHorrid Henry's nits / _cFrancesca Simon ; illustrated by Tony Ross. |
| 250 | _aThis edition published in 2010 | ||
| 260 |
_aLondon : _bOrion Children's Books, _c1997 |
||
| 300 |
_a71 pages : _billustrations ; _c20 cm |
||
| 505 | _aN | ||
| 520 | _aA blue Early Reader is perfect for sharing and reading together. A red Early Reader is the next step on your reading journey. Horrid Henry has got nits - again! But as an impending visit from Nitty Nora the Nit Nurse looms, Henry's determined he won't be the only one... | ||
| 521 | 8 |
_a550
_bLexile |
|
| 521 | 8 |
_aN
_bRaz-Plus |
|
| 650 |
_aBeginning Level _vChildren's Fictions |
||
| 700 | 1 |
_aRoss, Tony. _eillustrator |
|
| 906 |
_a7 _bcbc _ccopycat _d2 _encip _f20 _gy-gencatlg |
||
| 942 |
_2ddc _cBK _n0 |
||
| 999 |
_c2834 _d2834 |
||